Estatísticas para Cidades Mais Grandes do Brasil por Letra

Clique aqui para jogar o quiz

Estatísticas Gerais

  • Esse quiz foi jogado 512 vezes
  • A pontuação média é 11 de 23

Estatísticas das Respostas

LetraCidade Mais Grande% Correto
SSão Paulo
96%
RRio de Janeiro
95%
CCuritiba
84%
MManaus
82%
PPorto Alegre
81%
BBrasília
75%
FFortaleza
73%
GGoiânia
70%
JJoão Pessoa
60%
AAracaju
57%
TTeresina
55%
UUberlândia
49%
OOsasco
45%
LLondrina
36%
NNova Iguaçu
35%
VVila Velha
29%
DDuque de Caxias
26%
XXanxerê
25%
IItaquaquecetuba
8%
QQuixeramobim
8%
EErechim
5%
HHorizontina
5%
ZZe Doca
5%

Distribuição das Pontuações

Percentil de Números Respondidos

Porcentagem de Pessoas com Cada Pontuação

Sua Pontuação Histórica

Você não jogou esse quiz